000 00733nam a22001937a 4500
999 _c171395
_d171395
005 20220922102108.0
010 _aUR-10653
020 _c44.00
_a-
035 _aU-9208
037 _bDBAD/PUB
_a-
082 _a270
100 _aمسر ت علی ند و ی
245 _aا نبيا ۓ کر ا م عليہم ا لسلا م کا منہج د عو ت /
_cمسر ت علی ند و ی
246 _bAmbiya-e-Karam Ka Manhaje Dawat (Urdu) /
_aby Maulana Musarrat Ali Nidvi
260 _aNew Delhi
_bMarkazi Maktaba Islami Publishers
_c2016 ء
270 _aD-307, Dawat Nagar, Abul fazal Enclave, Jamia Nagar
_bNew Delhi
_e110025
_k26971652
_l-
300 _a72 ص
_c21cm(pbk)
942 _2ddc
_cUR
_h270
_mن د و